Wybrane problemy finansowania konsumpcji spolecznej w PRL i CSRS

Salvato in:
Dettagli Bibliografici
Natura: Libro
Lingua:polacco
Pubblicazione: Lódz Uniwersytet 1979
Serie:Acta Universitatis Lodziensis Seria 3. Nr. 43
Tags: Aggiungi Tag
Nessun Tag, puoi essere il primo ad aggiungerne!!

MARC

LEADER 00000nam a2200000 4500
001 c136914
005 20250630075302.6
041 0 |a pol 
044 |a PL 
245 1 0 |a Wybrane problemy finansowania konsumpcji spolecznej w PRL i CSRS 
264 1 |a Lódz  |b Uniwersytet  |c 1979 
300 |a 144 s. 
490 1 |a Acta Universitatis Lodziensis  |v Seria 3. Nr. 43 
830 0 |a Acta Universitatis Lodziensis  |v Seria 3. Nr. 43